[Event "DEM U12 2018"]
[Site "Willingen GER"]
[Date "2018.05.21"]
[Round "3"]
[White "Sieber, Bert"]
[Black "Hänselmann, Hendrik"]
[Result "1-0"]
[Termination "normal"]
[Board "17"]
[WhiteElo "1453"]
[BlackElo "1713"]
[WhiteClock "00:45:08"]
[BlackClock "00:18:20"]
[PlyCount "143"]
[WhiteFideId "16265971"]
[BlackFideId "16232755"]
[EventCountry "GER"]
[EventRounds "11"]
[EventType "swiss"]
[EventDate "2018.05.19"]

1. d4 Nf6 2. c4 e6 3. Nf3 b6 4. a3 Bb7 5. Nc3 Be7 6. g3 O-O 7. Bg2 d6 8. O-O
Nbd7 9. Re1 c5 10. d5 e5 11. e4 a6 12. b4 Re8 13. Nd2 Rc8 14. Qb3 Qc7 15. b5 a5
16. Nf1 Bf8 17. Bb2 g6 18. Ne2 Bg7 19. Rad1 Ra8 20. a4 Rac8 21. Nc1 Bh6 22. Bc3
Rcd8 23. Qb2 Bg7 24. Nd3 g5 25. Ne3 Bc8 26. h3 Nh5 27. Kh2 Bf8 28. Qe2 Ndf6 29.
Bf3 Ng7 30. g4 h6 31. Kg3 Qd7 32. Rh1 Be7 33. Nf5 Nxf5+ 34. gxf5 Nh7 35. Rdg1
Kf8 36. Kg2 Bf6 37. Kf1 Ke7 38. Bd2 Rg8 39. Bg4 Rde8 40. Ke1 Kd8 41. Kd1 Kc7
42. Kc2 Kb8 43. Rg2 Rd8 44. Rhg1 Rge8 45. Bh5 Bb7 46. Ne1 Bh8 47. h4 gxh4 48.
Bxh6 Nf6 49. Bf3 Nh7 50. Rh2 Bf6 51. Ng2 Rg8 52. Rgh1 Ng5 53. Nxh4 Nxf3 54.
Nxf3 Be7 55. Be3 Rg7 56. Rh7 Rdg8 57. Qd2 f6 58. Qc1 Ka7 59. R7h3 Kb8 60. Nh4
Ka7 61. Ng6 Rc8 62. Rh8 Rgg8 63. R8h7 Rce8 64. Rf7 Rgf8 65. Nxf8 Rxf8 66. Rg7
Re8 67. Rhh7 Ka8 68. Rf7 Bc8 69. Rxf6 Qd8 70. Rff7 Rf8 71. f6 Bg4 72. Bg5 1-0

[Event "DEM U12 2018"]
[Site "Willingen GER"]
[Date "2018.05.21"]
[Round "3"]
[White "Gluma, Christian"]
[Black "Tovmasyan, Minas"]
[Result "1/2-1/2"]
[Termination "normal"]
[Board "18"]
[WhiteElo "1601"]
[BlackElo "1480"]
[WhiteClock "01:06:11"]
[BlackClock "01:03:38"]
[PlyCount "94"]
[WhiteFideId "16223209"]
[BlackFideId "16247620"]
[EventCountry "GER"]
[EventRounds "11"]
[EventType "swiss"]
[EventDate "2018.05.19"]

1. e4 c5 2. Nf3 e6 3. g3 a6 4. Bg2 Qc7 5. O-O b5 6. c3 Bb7 7. Re1 Nc6 8. a3 d6
9. d4 cxd4 10. cxd4 e5 11. Nc3 Nf6 12. Be3 Be7 13. Rc1 Qb8 14. b4 O-O 15. d5
Na7 16. Nh4 Bc8 17. Nb1 Bd7 18. Qb3 Nc8 19. h3 Nb6 20. Nd2 Qb7 21. Rc2 Rac8 22.
Rec1 Rxc2 23. Rxc2 Na4 24. Nhf3 Rc8 25. Ne1 Rxc2 26. Qxc2 Qc8 27. Qxc8+ Bxc8
28. Nd3 Nc3 29. Kf1 Nd7 30. f4 f6 31. Ke1 Bd8 32. Nb2 Bb6 33. Kf2 Bxe3+ 34.
Kxe3 Nb6 35. Kd3 Nca4 36. Nxa4 Nxa4 37. Kc2 Kf8 38. Nb3 Ke7 39. Na5 Bd7 40. f5
Nb6 41. g4 h6 42. h4 Be8 43. Bf3 Bd7 44. Bd1 Kd8 45. Kc3 Kc7 46. Be2 Na4+ 47.
Kc2 Nb6 1/2-1/2

[Event "DEM U12 2018"]
[Site "Willingen GER"]
[Date "2018.05.21"]
[Round "3"]
[White "Greßler, Christian"]
[Black "Chassard, Cedric"]
[Result "0-1"]
[Termination "normal"]
[Board "19"]
[WhiteElo "1290"]
[BlackElo "1590"]
[WhiteClock "00:29:03"]
[BlackClock "00:30:04"]
[PlyCount "40"]
[WhiteFideId "16244907"]
[BlackFideId "16243536"]
[EventCountry "GER"]
[EventRounds "11"]
[EventType "swiss"]
[EventDate "2018.05.19"]

1. Nf3 Nf6 2. g3 d5 3. Bg2 c5 4. d3 Nc6 5. Nbd2 e5 6. e4 Be6 7. O-O d4 8. Nh4
Be7 9. Ndf3 h6 10. Re1 O-O 11. Nf5 Qd7 12. N3h4 Ne8 13. Nxe7+ Nxe7 14. f4 exf4
15. gxf4 Nc6 16. f5 Qe7 17. Qg4 Bd7 18. Bxh6 Ne5 19. Qxg7+ Nxg7 20. Bxg7 Kxg7
0-1

[Event "DEM U12 2018"]
[Site "Willingen GER"]
[Date "2018.05.21"]
[Round "3"]
[White "Hoke, Adrian Neo"]
[Black "Gerdes, Jannes"]
[Result "1-0"]
[Termination "normal"]
[Board "20"]
[WhiteElo "1628"]
[BlackElo "1492"]
[WhiteClock "00:28:50"]
[BlackClock "00:12:53"]
[PlyCount "53"]
[WhiteFideId "16218264"]
[BlackFideId "16254627"]
[EventCountry "GER"]
[EventRounds "11"]
[EventType "swiss"]
[EventDate "2018.05.19"]

1. e4 e5 2. Nf3 Nc6 3. Bb5 a6 4. Ba4 Nf6 5. O-O b5 6. Bb3 Be7 7. Re1 d6 8. h3
Na5 9. c3 Nxb3 10. axb3 Bb7 11. d3 O-O 12. Nbd2 Re8 13. Nf1 Nh5 14. d4 exd4 15.
Nxd4 Nf6 16. Ng3 Bf8 17. f3 g6 18. Be3 d5 19. exd5 Nxd5 20. Bf2 Bg7 21. Rxe8+
Qxe8 22. Ne4 Qe7 23. b4 Nb6 24. Nc5 Bc8 25. Qe1 Qf8 26. Rd1 Nd7 27. Nc6 1-0

[Event "DEM U12 2018"]
[Site "Willingen GER"]
[Date "2018.05.21"]
[Round "3"]
[White "Schulemann, Gero"]
[Black "Klugstedt, Vincent"]
[Result "0-1"]
[Termination "normal"]
[Board "21"]
[WhiteElo "1700"]
[BlackElo "1810"]
[WhiteClock "00:14:00"]
[BlackClock "00:25:47"]
[PlyCount "60"]
[WhiteFideId "16227646"]
[BlackFideId "16216393"]
[EventCountry "GER"]
[EventRounds "11"]
[EventType "swiss"]
[EventDate "2018.05.19"]

1. e4 c5 2. Nf3 Nc6 3. d4 cxd4 4. Nxd4 g6 5. Nc3 Bg7 6. Be3 d6 7. Bc4 Nf6 8.
Bb3 O-O 9. f3 Bd7 10. Qd2 Nxd4 11. Bxd4 Qa5 12. h4 h5 13. O-O-O Be6 14. Bxe6
fxe6 15. g4 hxg4 16. fxg4 Nxg4 17. Bxg7 Kxg7 18. Rdg1 Qh5 19. Qd1 Qh6+ 20. Qd2
Qxd2+ 21. Kxd2 Ne5 22. Ke2 Rf4 23. h5 Raf8 24. hxg6 Rf2+ 25. Kd1 Nxg6 26. e5 d5
27. Rh3 Rf1+ 28. Rxf1 Rxf1+ 29. Ke2 Rf5 30. Nb5 Nf4+ 0-1

[Event "DEM U12 2018"]
[Site "Willingen GER"]
[Date "2018.05.21"]
[Round "3"]
[White "Halabi, Ibrahim"]
[Black "Sinnhöfer, Joshua"]
[Result "1-0"]
[Termination "normal"]
[Board "22"]
[WhiteElo "1701"]
[BlackElo "1536"]
[PlyCount "43"]
[WhiteFideId "16241754"]
[BlackFideId "16201361"]
[EventCountry "GER"]
[EventRounds "11"]
[EventType "swiss"]
[EventDate "2018.05.19"]

1. e4 e5 2. Nf3 Nc6 3. Bc4 Bc5 4. c3 Nf6 5. d3 a6 6. Bb3 O-O 7. Nbd2 Re8 8. O-O
Ba7 9. h3 d5 10. exd5 Nxd5 11. Ne4 Na5 12. Bc2 Bf5 13. Re1 f6 14. Ng3 Bg6 15.
Nh4 Bf7 16. Nhf5 g6 17. Nh6+ Kg7 18. Nxf7 Kxf7 19. Ne4 Nc6 20. Qf3 Kg7 21. Bb3
Nde7 22. Qxf6# 1-0

[Event "DEM U12 2018"]
[Site "Willingen GER"]
[Date "2018.05.21"]
[Round "3"]
[White "Langer, Paul Georg"]
[Black "Pikalow, Michael"]
[Result "0-1"]
[Termination "normal"]
[Board "23"]
[WhiteElo "1300"]
[BlackElo "1540"]
[PlyCount "65"]
[WhiteFideId "16230051"]
[BlackFideId "16227638"]
[EventCountry "GER"]
[EventRounds "11"]
[EventType "swiss"]
[EventDate "2018.05.19"]

1. e4 c5 2. Nf3 d6 3. d4 cxd4 4. Nxd4 Nf6 5. Nc3 g6 6. Be2 Bg7 7. Be3 Nc6 8.
Nb3 O-O 9. O-O a5 10. f4 a4 11. Nd2 a3 12. b3 Nd7 13. Nd5 e6 14. Rb1 exd5 15.
exd5 Nb4 16. Nc4 Nxa2 17. Ra1 Nc3 18. Qd2 Nxe2+ 19. Qxe2 Bxa1 20. Rxa1 Qf6 21.
Ra2 Re8 22. Qd2 b5 23. Bd4 Qe7 24. Ne3 Qe4 25. Ra1 Nf6 26. c4 bxc4 27. Re1 Qxf4
28. Rf1 Ne4 29. Qe2 Ng3 30. hxg3 Qxd4 31. Re1 Rxe3 32. Qxe3 Qxe3+ 33. Rxe3 0-1

[Event "DEM U12 2018"]
[Site "Willingen GER"]
[Date "2018.05.21"]
[Round "3"]
[White "Huo, Da"]
[Black "Movsisyan, Andranik"]
[Result "0-1"]
[Termination "normal"]
[Board "24"]
[WhiteElo "1686"]
[BlackElo "1654"]
[PlyCount "64"]
[WhiteFideId "16221206"]
[BlackFideId "16240391"]
[EventCountry "GER"]
[EventRounds "11"]
[EventType "swiss"]
[EventDate "2018.05.19"]

1. e4 d5 2. exd5 Qxd5 3. Nc3 Qa5 4. d4 Nf6 5. Nf3 Bf5 6. Bd3 Bxd3 7. Qxd3 c6 8.
O-O e6 9. Bf4 Nbd7 10. Nd2 Nh5 11. Be3 Qc7 12. Nde4 Nhf6 13. h3 h6 14. f4 Nxe4
15. Nxe4 O-O-O 16. c3 Be7 17. b4 f5 18. Nd2 g5 19. Kh2 Rdg8 20. c4 g4 21. c5 h5
22. a4 h4 23. Rg1 Nf6 24. b5 Nd5 25. Raf1 Bg5 26. Nc4 Bxf4+ 27. Kh1 Bxe3 28.
Nxe3 Qg3 29. bxc6 Nxe3 30. cxb7+ Kb8 31. c6 Nxf1 32. c7+ Qxc7 0-1

[Event "DEM U12 2018"]
[Site "Willingen GER"]
[Date "2018.05.21"]
[Round "3"]
[White "Niemann, Leon"]
[Black "Mimkes, Antal"]
[Result "1/2-1/2"]
[Termination "normal"]
[Board "25"]
[WhiteElo "1563"]
[BlackElo "1559"]
[PlyCount "50"]
[WhiteFideId "16218388"]
[BlackFideId "16265963"]
[EventCountry "GER"]
[EventRounds "11"]
[EventType "swiss"]
[EventDate "2018.05.19"]

1. e4 e5 2. Nf3 Nc6 3. Bc4 Nf6 4. d3 d5 5. exd5 Nxd5 6. O-O Bc5 7. Re1 O-O 8.
Nxe5 Nxe5 9. Rxe5 Bxf2+ 10. Kxf2 Qh4+ 11. Kf1 Qf6+ 12. Qf3 Qxe5 13. Bxd5 c6 14.
Bb3 Qxh2 15. Be3 Qh1+ 16. Bg1 Be6 17. Nc3 Rae8 18. Ne2 Bxb3 19. axb3 Re6 20.
Ng3 Qh4 21. Ne4 Rfe8 22. Bf2 Qh1+ 23. Bg1 Qh4 24. Bf2 Qh1+ 25. Bg1 Qh4 1/2-1/2

[Event "DEM U12 2018"]
[Site "Willingen GER"]
[Date "2018.05.21"]
[Round "3"]
[White "Dornheim, Carl Friedrich"]
[Black "Lehmann, Nils"]
[Result "0-1"]
[Termination "normal"]
[Board "26"]
[WhiteElo "1441"]
[BlackElo "1558"]
[PlyCount "112"]
[WhiteFideId "16252314"]
[BlackFideId "12982610"]
[EventCountry "GER"]
[EventRounds "11"]
[EventType "swiss"]
[EventDate "2018.05.19"]

1. e4 e5 2. Nf3 Nc6 3. d4 exd4 4. Nxd4 Bc5 5. Be3 Qf6 6. c3 Nge7 7. Bb5 b6 8.
O-O O-O 9. Nxc6 Nxc6 10. Bxc5 bxc5 11. Bc4 Ne5 12. Na3 Nxc4 13. Nxc4 d6 14. Re1
Re8 15. Qd3 Rb8 16. Rad1 Ba6 17. Rd2 Qe6 18. b3 Bxc4 19. bxc4 Rb6 20. Rdd1 h6
21. Qd5 Qxd5 22. exd5 Kf8 23. Kf1 Rb2 24. Rxe8+ Kxe8 25. Re1+ Kd7 26. Re2 Rb6
27. f4 Ra6 28. Rc2 Ra4 29. Ke2 Rxc4 30. Ke3 c6 31. dxc6+ Kxc6 32. g3 d5 33. Kd3
Re4 34. c4 Rd4+ 35. Ke3 Rxc4 36. Rxc4 dxc4 37. Kd2 Kd5 38. Kc3 f5 39. a3 a6 40.
a4 a5 41. h3 h5 42. h4 g6 43. Kc2 Kd4 44. Kd2 c3+ 45. Kc2 Kc4 46. Kc1 Kd3 47.
Kd1 c2+ 48. Kc1 c4 49. g4 fxg4 50. f5 gxf5 51. Kb2 g3 52. Ka3 c1=Q+ 53. Ka2
Qc2+ 54. Ka1 Qxa4+ 55. Kb1 Kc3 56. Kc1 Qa1# 0-1

[Event "DEM U12 2018"]
[Site "Willingen GER"]
[Date "2018.05.21"]
[Round "3"]
[White "Phan Trong, Dai"]
[Black "May, Alexander"]
[Result "1-0"]
[Termination "normal"]
[Board "27"]
[WhiteElo "1579"]
[BlackElo "1373"]
[PlyCount "95"]
[WhiteFideId "16236939"]
[BlackFideId "16244974"]
[EventCountry "GER"]
[EventRounds "11"]
[EventType "swiss"]
[EventDate "2018.05.19"]

1. c4 c5 2. Nc3 Nc6 3. e4 a6 4. g3 g6 5. Bg2 Bg7 6. Nge2 b5 7. cxb5 axb5 8.
Nxb5 Ba6 9. Nbc3 Nb4 10. O-O Nh6 11. a3 Nd3 12. f4 O-O 13. h3 Rb8 14. g4 f6 15.
Rb1 Nf7 16. b3 Nxc1 17. Rxc1 Qb6 18. Rb1 c4+ 19. Kh2 cxb3 20. Nd5 Qd6 21. Nb4
b2 22. Nxa6 Qxa6 23. a4 Rfc8 24. Nc3 Nd6 25. Nd5 Bf8 26. d3 Qa7 27. Qd2 Qd4 28.
Rf2 Rc1 29. Rxb2 Rxb2 30. Qxb2 Qxb2 31. Rxb2 Kf7 32. Rb8 e6 33. Nxf6 Bh6 34. g5
Ra1 35. Nxd7 Bg7 36. e5 Nf5 37. Nc5 Ra2 38. Rb7+ Ke8 39. Nxe6 Bxe5 40. fxe5 Ne3
41. Nf4 Rxa4 42. Bc6+ Kd8 43. Bxa4 Nd5 44. Nxd5 h5 45. gxh6 g5 46. h7 Kc8 47.
Bc6 g4 48. h8=R# 1-0

[Event "DEM U12 2018"]
[Site "Willingen GER"]
[Date "2018.05.21"]
[Round "3"]
[White "Morczynski, Joachim"]
[Black "Hochlenert, Ben"]
[Result "1-0"]
[Termination "normal"]
[Board "28"]
[WhiteElo "1665"]
[BlackElo "1023"]
[PlyCount "75"]
[WhiteFideId "16209745"]
[BlackFideId "16265980"]
[EventCountry "GER"]
[EventRounds "11"]
[EventType "swiss"]
[EventDate "2018.05.19"]

1. e4 e5 2. Nf3 Nc6 3. d4 exd4 4. Nxd4 Nxd4 5. Qxd4 Nf6 6. e5 Qe7 7. Be2 Ng8 8.
Nc3 Qc5 9. Be3 Qxd4 10. Bxd4 Bb4 11. O-O-O Ne7 12. Nb5 Ba5 13. b4 a6 14. bxa5
axb5 15. Bxb5 Rxa5 16. Bc4 Nc6 17. Bb2 O-O 18. Rhe1 Re8 19. Kb1 Kf8 20. Bb3
Nxe5 21. f4 Nc6 22. Bxg7+ Kxg7 23. Rxe8 Na7 24. g4 d6 25. Re7 Kf8 26. Rxf7+ Ke8
27. Re1+ Kd8 28. g5 Nb5 29. Rxh7 Bf5 30. Rh8+ Kd7 31. Kb2 Nd4 32. h4 Nf3 33.
Re3 Nd4 34. h5 Rb5 35. g6 Ne6 36. Kc1 Ke7 37. Rh7+ Kf6 38. Rf7# 1-0

[Event "DEM U12 2018"]
[Site "Willingen GER"]
[Date "2018.05.21"]
[Round "4"]
[White "Schubert, Nikita"]
[Black "Haack, Kevin"]
[Result "1/2-1/2"]
[Termination "normal"]
[Board "1"]
[WhiteElo "1802"]
[BlackElo "1846"]
[WhiteClock "00:02:06"]
[BlackClock "00:02:02"]
[PlyCount "124"]
[WhiteFideId "16212339"]
[BlackFideId "16228715"]
[EventCountry "GER"]
[EventRounds "11"]
[EventType "swiss"]
[EventDate "2018.05.19"]

1. d4 {[%clk 1:15:58]} 1... d5 {[%clk 1:15:56]} 2. Nf3 {[%clk 1:16:25]} 2...
Nf6 {[%clk 1:16:21]} 3. g3 {[%clk 1:16:50]} 3... e6 {[%clk 1:16:29]} 4. Bg2 {
[%clk 1:17:16]} 4... Be7 {[%clk 1:15:40]} 5. O-O {[%clk 1:17:39]} 5... O-O {
[%clk 1:16:03]} 6. c4 {[%clk 1:18:03]} 6... Nbd7 {[%clk 1:14:30]} 7. Qc2 {
[%clk 1:15:23]} 7... c6 {[%clk 1:12:04]} 8. Nbd2 {[%clk 1:15:44]} 8... b6 {
[%clk 1:05:58]} 9. e4 {[%clk 1:13:48]} 9... Bb7 {[%clk 1:04:55]} 10. Re1 {
[%clk 1:07:42]} 10... Rc8 {[%clk 1:02:15]} 11. e5 {[%clk 1:05:50]} 11... Ne8 {
[%clk 1:00:41]} 12. cxd5 {[%clk 1:00:09]} 12... exd5 {[%clk 0:56:02]} 13. Nb3 {
[%clk 0:47:44]} 13... Nc7 {[%clk 0:54:21]} 14. Be3 {[%clk 0:44:37]} 14... Ne6 {
[%clk 0:52:30]} 15. Rac1 {[%clk 0:44:08]} 15... c5 {[%clk 0:49:38]} 16. Qd1 {
[%clk 0:41:44]} 16... c4 {[%clk 0:48:47]} 17. Nbd2 {[%clk 0:41:31]} 17... b5 {
[%clk 0:48:19]} 18. a3 {[%clk 0:39:48]} 18... a5 {[%clk 0:44:43]} 19. Nb1 {
[%clk 0:39:45]} 19... Nb6 {[%clk 0:41:27]} 20. Re2 {[%clk 0:36:55]} 20... b4 {
[%clk 0:38:19]} 21. axb4 {[%clk 0:34:46]} 21... axb4 {[%clk 0:38:28]} 22. Ne1 {
[%clk 0:33:32]} 22... Qd7 {[%clk 0:32:14]} 23. Rd2 {[%clk 0:32:18]} 23... Ba6 {
[%clk 0:31:05]} 24. f4 {[%clk 0:28:47]} 24... g6 {[%clk 0:29:45]} 25. Bh3 {
[%clk 0:25:34]} 25... f5 {[%clk 0:23:28]} 26. exf6 {[%clk 0:23:11]} 26... Rxf6
{[%clk 0:22:17]} 27. Nf3 {[%clk 0:23:24]} 27... Qc7 {[%clk 0:19:28]} 28. Ng5 {
[%clk 0:21:16]} 28... Nxg5 {[%clk 0:15:28]} 29. fxg5 {[%clk 0:21:40]} 29... Rc6
{[%clk 0:14:22]} 30. Bf4 {[%clk 0:17:58]} 30... Qd8 {[%clk 0:13:38]} 31. Bxc8 {
[%clk 0:17:31]} 31... Bxc8 {[%clk 0:14:01]} 32. h4 {[%clk 0:15:01]} 32... Bf5 {
[%clk 0:13:18]} 33. Qf3 {[%clk 0:11:33]} 33... Be4 {[%clk 0:12:21]} 34. Qf2 {
[%clk 0:10:43]} 34... Qd7 {[%clk 0:10:43]} 35. Re2 {[%clk 0:07:49]} 35... Na4 {
[%clk 0:07:50]} 36. Qe3 {[%clk 0:05:06]} 36... Qh3 {[%clk 0:05:28]} 37. Rh2 {
[%clk 0:04:38]} 37... Qf5 {[%clk 0:05:51]} 38. Nd2 {[%clk 0:03:51]} 38... Re6 {
[%clk 0:05:55]} 39. Nxe4 {[%clk 0:02:50]} 39... Rxe4 {[%clk 0:06:08]} 40. Qd2 {
[%clk 0:02:09]} 40... Rxd4 {[%clk 0:04:31]} 41. Qe1 {[%clk 0:10:35]} 41... Re4
{[%clk 0:19:06]} 42. Re2 {[%clk 0:09:50]} 42... Bc5+ {[%clk 0:18:00]} 43. Kg2 {
[%clk 0:09:16]} 43... Nxb2 {[%clk 0:12:52]} 44. Rxe4 {[%clk 0:03:57]} 44...
Qxe4+ {[%clk 0:13:05]} 45. Qxe4 {[%clk 0:04:22]} 45... dxe4 {[%clk 0:13:29]}
46. Be5 {[%clk 0:02:54]} 46... c3 {[%clk 0:12:33]} 47. Bxc3 {[%clk 0:02:07]}
47... bxc3 {[%clk 0:12:52]} 48. Rxc3 {[%clk 0:02:31]} 48... Nd3 {[%clk 0:12:45]
} 49. Kf1 {[%clk 0:01:59]} 49... Kf7 {[%clk 0:12:11]} 50. Rc4 {[%clk 0:02:13]}
50... Bd6 {[%clk 0:06:38]} 51. Rxe4 {[%clk 0:02:10]} 51... Bxg3 {[%clk 0:05:34]
} 52. Kg2 {[%clk 0:00:55]} 52... Bd6 {[%clk 0:03:41]} 53. Rd4 {[%clk 0:01:05]}
53... Nf4+ {[%clk 0:04:03]} 54. Kf3 {[%clk 0:01:28]} 54... Ke6 {[%clk 0:03:25]}
55. Ra4 {[%clk 0:01:36]} 55... Nd5 {[%clk 0:03:13]} 56. Ra7 {[%clk 0:01:51]}
56... Ne7 {[%clk 0:03:10]} 57. Ra6 {[%clk 0:02:05]} 57... Nf5 {[%clk 0:03:20]}
58. Kg4 {[%clk 0:02:16]} 58... Ke5 {[%clk 0:02:03]} 59. Ra7 {[%clk 0:01:59]}
59... Be7 {[%clk 0:02:18]} 60. Ra5+ {[%clk 0:02:04]} 60... Ke4 {[%clk 0:01:50]}
61. Ra4+ {[%clk 0:01:55]} 61... Ke3 {[%clk 0:01:58]} 62. Ra5 {[%clk 0:02:06]}
62... Ke4 {[%clk 0:02:02]} 1/2-1/2

[Event "DEM U12 2018"]
[Site "Willingen GER"]
[Date "2018.05.21"]
[Round "4"]
[White "Tham, Nam"]
[Black "Bui, Bao Anh Le"]
[Result "1-0"]
[Termination "normal"]
[Board "3"]
[WhiteElo "1866"]
[BlackElo "1974"]
[WhiteClock "00:43:50"]
[BlackClock "00:00:44"]
[PlyCount "89"]
[WhiteFideId "12997331"]
[BlackFideId "12970719"]
[EventCountry "GER"]
[EventRounds "11"]
[EventType "swiss"]
[EventDate "2018.05.19"]

1. e4 {[%clk 1:15:59]} 1... c5 {[%clk 1:15:40]} 2. Nf3 {[%clk 1:16:25]} 2... d6
{[%clk 1:16:01]} 3. d4 {[%clk 1:16:52]} 3... cxd4 {[%clk 1:16:28]} 4. Nxd4 {
[%clk 1:17:18]} 4... Nf6 {[%clk 1:16:53]} 5. Nc3 {[%clk 1:17:43]} 5... a6 {
[%clk 1:16:29]} 6. Be3 {[%clk 1:17:48]} 6... e5 {[%clk 1:16:53]} 7. Nb3 { [%clk
1:18:12]} 7... Be6 {[%clk 1:17:08]} 8. Be2 {[%clk 1:18:34]} 8... Be7 { [%clk
1:17:02]} 9. O-O {[%clk 1:18:50]} 9... O-O {[%clk 1:16:19]} 10. h3 { [%clk
1:17:41]} 10... Nbd7 {[%clk 1:16:20]} 11. Qd2 {[%clk 1:17:57]} 11... b5 { [%clk
1:12:16]} 12. Rad1 {[%clk 1:17:53]} 12... Nb6 {[%clk 1:06:57]} 13. a3 { [%clk
1:16:11]} 13... Qc7 {[%clk 1:02:38]} 14. Rfe1 {[%clk 1:14:10]} 14... Rab8
{[%clk 1:01:11]} 15. Bd3 {[%clk 1:13:30]} 15... Nc4 {[%clk 1:00:33]} 16. Qc1 {
[%clk 1:12:00]} 16... Nxa3 {[%clk 0:55:15]} 17. bxa3 {[%clk 1:08:03]} 17...
Qxc3 {[%clk 0:55:18]} 18. Bd2 {[%clk 1:08:30]} 18... Qc7 {[%clk 0:54:08]} 19.
Qb2 {[%clk 1:08:35]} 19... Nd7 {[%clk 0:52:20]} 20. Ra1 {[%clk 1:04:22]} 20...
Nc5 {[%clk 0:48:29]} 21. Nxc5 {[%clk 1:04:29]} 21... dxc5 {[%clk 0:48:42]} 22.
Bc3 {[%clk 1:04:19]} 22... f6 {[%clk 0:48:20]} 23. Rab1 {[%clk 1:03:51]} 23...
Rfd8 {[%clk 0:47:18]} 24. Kh1 {[%clk 1:01:29]} 24... c4 {[%clk 0:34:39]} 25.
Be2 {[%clk 0:58:36]} 25... a5 {[%clk 0:32:00]} 26. Red1 {[%clk 0:59:02]} 26...
b4 {[%clk 0:24:21]} 27. axb4 {[%clk 0:58:41]} 27... axb4 {[%clk 0:24:38]} 28.
Rxd8+ {[%clk 0:59:01]} 28... Qxd8 {[%clk 0:24:23]} 29. Be1 {[%clk 0:59:25]}
29... Bc5 {[%clk 0:15:36]} 30. Kg1 {[%clk 0:52:25]} 30... Qb6 {[%clk 0:12:51]}
31. Qa2 {[%clk 0:50:25]} 31... Qb5 {[%clk 0:08:53]} 32. Bf1 {[%clk 0:47:32]}
32... Kf8 {[%clk 0:07:53]} 33. Bc3 {[%clk 0:43:30]} 33... Qc6 {[%clk 0:06:57]}
34. Be1 {[%clk 0:41:22]} 34... Ra8 {[%clk 0:04:29]} 35. Qb2 {[%clk 0:41:20]}
35... c3 {[%clk 0:04:49]} 36. Qc1 {[%clk 0:41:49]} 36... Qxe4 {[%clk 0:02:44]}
37. Bd3 {[%clk 0:42:14]} 37... Qh4 {[%clk 0:02:02]} 38. Ra1 {[%clk 0:41:48]}
38... Rd8 {[%clk 0:01:08]} 39. Ra5 {[%clk 0:41:09]} 39... Qd4 {[%clk 0:00:48]}
40. Bxh7 {[%clk 0:39:23]} 40... Bc4 {[%clk 0:00:52]} 41. Qa1 {[%clk 0:36:16]}
41... Ke7 {[%clk 0:11:17]} 42. Qa4 {[%clk 0:47:42]} 42... Qd6 {[%clk 0:06:38]}
43. Bxc3 {[%clk 0:43:44]} 43... Qb6 {[%clk 0:03:50]} 44. Rxc5 {[%clk 0:43:25]}
44... Rd1+ {[%clk 0:00:44]} 45. Kh2 {[%clk 0:43:50]} 1-0

[Event "DEM U12 2018"]
[Site "Willingen GER"]
[Date "2018.05.21"]
[Round "4"]
[White "Eilenberg, Jonas"]
[Black "Foerster-Yialamas, Lucas"]
[Result "1/2-1/2"]
[Termination "normal"]
[Board "4"]
[WhiteElo "1852"]
[BlackElo "1924"]
[WhiteClock "00:51:11"]
[BlackClock "01:07:03"]
[PlyCount "73"]
[WhiteFideId "16204271"]
[BlackFideId "30901774"]
[EventCountry "GER"]
[EventRounds "11"]
[EventType "swiss"]
[EventDate "2018.05.19"]

1. d4 Nf6 2. Nf3 {[%clk 1:16:09]} 2... g6 {[%clk 1:16:29]} 3. e3 { [%clk
1:16:35]} 3... Bg7 {[%clk 1:16:41]} 4. Nbd2 {[%clk 1:16:45]} 4... d6 { [%clk
1:17:06]} 5. Be2 {[%clk 1:16:30]} 5... O-O {[%clk 1:17:21]} 6. b3 { [%clk
1:16:21]} 6... Nfd7 {[%clk 1:16:14]} 7. Bb2 {[%clk 1:15:58]} 7... e5 { [%clk
1:13:03]} 8. O-O {[%clk 1:14:17]} 8... Re8 {[%clk 1:12:03]} 9. dxe5 { [%clk
1:10:59]} 9... Nxe5 {[%clk 1:12:16]} 10. Nxe5 {[%clk 1:10:35]} 10... dxe5
{[%clk 1:12:29]} 11. Nc4 {[%clk 1:10:08]} 11... Nc6 {[%clk 1:11:02]} 12. Qxd8 {
[%clk 1:07:29]} 12... Rxd8 {[%clk 1:11:20]} 13. Bf3 {[%clk 1:06:07]} 13... Be6
{[%clk 1:11:27]} 14. Bxc6 {[%clk 1:04:42]} 14... Bxc4 {[%clk 1:11:46]} 15. Bxb7
{[%clk 1:03:30]} 15... Rab8 {[%clk 1:12:00]} 16. bxc4 {[%clk 1:03:52]} 16...
Rxb7 {[%clk 1:12:26]} 17. Bc3 {[%clk 1:04:11]} 17... e4 {[%clk 1:12:48]} 18.
Bxg7 {[%clk 1:04:35]} 18... Kxg7 {[%clk 1:13:13]} 19. Rab1 {[%clk 1:04:37]}
19... Rxb1 {[%clk 1:12:45]} 20. Rxb1 {[%clk 1:05:01]} 20... Rd2 {[%clk 1:13:07]
} 21. Rc1 {[%clk 1:05:22]} 21... Rd6 {[%clk 1:13:32]} 22. Kf1 {[%clk 1:05:06]}
22... Rc6 {[%clk 1:13:53]} 23. Ke2 {[%clk 1:05:18]} 23... Rxc4 {[%clk 1:14:18]}
24. Kd2 {[%clk 1:05:07]} 24... Rc5 {[%clk 1:13:59]} 25. Rb1 {[%clk 1:01:58]}
25... Rh5 {[%clk 1:13:50]} 26. h3 {[%clk 1:01:57]} 26... Rg5 {[%clk 1:14:13]}
27. g3 {[%clk 1:02:12]} 27... Rf5 {[%clk 1:14:22]} 28. Ke2 {[%clk 1:02:35]}
28... Rc5 {[%clk 1:14:21]} 29. Kd2 {[%clk 1:02:58]} 29... Rd5+ {[%clk 1:13:56]}
30. Ke2 {[%clk 1:03:18]} 30... a5 {[%clk 1:13:34]} 31. Rb7 {[%clk 0:59:49]}
31... Rc5 {[%clk 1:13:50]} 32. Rb2 {[%clk 1:00:18]} 32... Rc4 {[%clk 1:13:59]}
33. Kd2 {[%clk 1:00:18]} 33... Ra4 {[%clk 1:14:10]} 34. Kc3 {[%clk 0:59:27]}
34... h5 {[%clk 1:11:22]} 35. Rb1 {[%clk 0:53:25]} 35... Ra3+ {[%clk 1:07:18]}
36. Kc4 {[%clk 0:52:41]} 36... Ra4+ {[%clk 1:07:03]} 37. Kc3 {[%clk 0:51:11]}
1/2-1/2